[Event "Preferente Grupo II"]
[Site ""]
[Date "2011.03.26"]
[Round "8.57"]
[White "Martinez Asensio Juan M"]
[Black "Jario Garcia Ricardo Javier"]
[Result "0-1"]
[WhiteElo "2144"]
[BlackElo "2130"]

1.c4 e6 2.g3 Nf6 3.Bg2 Be7 4.e4 d5 5.e5 Nfd7 6.d4 dxc4 7.Qg4 Kf8 8.Qe2 c5 9.
Nf3 cxd4 10.O-O Nc6 11.h4 h6 12.h5 Qc7 13.Qxc4 Ndxe5 14.Nxe5 Qxe5 15.Bf4 Qxh5
16.Bxc6 bxc6 17.Qxc6 Qd5 18.Qxd5 exd5 19.Nd2 f6 20.Rac1 g5 21.Bc7 Kf7 22.Nb3
Ba6 23.Rfd1 d3 24.Nc5 Bc4 25.b4 Rac8 26.Ba5 h5 27.a3 h4 28.g4 Bd6 29.Nxd3 Bxd3
30.Rxc8 Rxc8 31.Rxd3 Ke6 32.b5 Rc4 33.f3 Rd4 0-1

[Event "Preferente Grupo II"]
[Site ""]
[Date "2011.03.27"]
[Round "8.58"]
[White "Portero Garnica Miguel Angel"]
[Black "Carruez Berges Santiago"]
[Result "0-1"]
[WhiteElo "2112"]
[BlackElo "2110"]

1.e4 g6 2.d4 Bg7 3.Nc3 c6 4.Bc4 e6 5.d5 Qh4 6.Qd3 Nf6 7.g3 Qh5 8.Nge2 O-O 9.
Nf4 Qe5 10.Be3 exd5 11.exd5 Ng4 12.O-O Nxe3 13.fxe3 b5 14.Bb3 Ba6 15.Nd1 c5
16.c4 bxc4 17.Bxc4 Bb7 18.Qb3 Bc8 19.Nd3 Qd6 20.Nc3 Na6 21.Ne4 Qe7 22.Rf4 d6
23.Raf1 f5 24.Ndxc5 Rb8 25.Qa3 Bxb2 26.Qd3 Nb4 27.Qd2 Bg7 28.a3 fxe4 29.axb4
Bh6 30.Rxe4 Qc7 31.Ne6 Qxc4 0-1

[Event "Preferente Grupo II"]
[Site ""]
[Date "2011.03.27"]
[Round "8.59"]
[White "Larrosa Poves Jose Manuel"]
[Black "Sancho Cortes Miguel Angel"]
[Result "1-0"]
[WhiteElo "2067"]
[BlackElo "2092"]

1.d4 d6 2.c4 f5 3.Nc3 Nf6 4.g3 g6 5.Bg2 Bg7 6.Nh3 O-O 7.O-O e5 8.dxe5 dxe5 9.
Bg5 c6 10.Qc2 Be6 11.Rad1 Qc7 12.b3 Nbd7 13.Bc1 h6 14.Ba3 Rf7 15.Bd6 Qc8 16.
Kh1 Ne8 17.Ba3 Ndf6 18.Ng1 Nh5 19.Nf3 g5 20.e3 f4 21.exf4 Bh3 22.Nxe5 Bxe5 23.
fxe5 Bxg2+ 24.Kxg2 Nf4+ 25.Kh1 Qh3 26.f3 Nh5 27.Qg2 Qe6 28.f4 gxf4 29.gxf4+
Neg7 30.Ne4 Kh8 31.Rd6 Qf5 32.Rxh6+ Kg8 33.Rg6 Re8 34.Bd6 Kh7 35.Rg1 Nxf4 36.
Rxg7+ Kh8 37.Rg8+ Kh7 38.Nf6+ 1-0

[Event "Preferente Grupo II"]
[Site ""]
[Date "2011.03.27"]
[Round "8.60"]
[White "Ruiperez Gumiel Ramon"]
[Black "Martinez Crespo Juan"]
[Result "1/2-1/2"]
[WhiteElo "1951"]
[BlackElo "1816"]

1.e4 e5 2.Nf3 Nf6 3.Nxe5 d6 4.Nf3 Nxe4 5.Nc3 Nxc3 6.dxc3 Be7 7.Bf4 Be6 8.Nd4
Nc6 9.Qh5 Nxd4 10.cxd4 Qd7 11.Be2 O-O 12.O-O Bf5 13.c3 Rfe8 14.Qf3 d5 15.Bxc7
Be4 16.Qg3 Bf6 17.Rfe1 Re7 18.Bf4 Rae8 19.Bd3 Bxd3 20.Rxe7 Qxe7 21.Qxd3 Qe2
22.Qxe2 Rxe2 23.Rb1 h6 24.Kf1 Rc2 25.Be3 Bg5 26.Bxg5 hxg5 27.g4 g6 28.Kg2 f5
29.gxf5 gxf5 30.Re1 Rxb2 31.Re5 Rxa2 32.Rxd5 Rc2 33.Rd8+ Kf7 34.Rd7+ Ke6 35.
Rxb7 Rxc3 36.Rxa7 Rd3 37.Ra4 Kd5 38.Ra5+ Ke6 39.Re5+ Kf6 40.Rd5 Ke6 41.Rd8 Ke7
42.Rg8 g4 43.Ra8 Rxd4 44.h3 gxh3+ 45.Kxh3 Rg4 46.Ra6 Rg1 47.Rb6 Kf7 48.Ra6 Ke7
49.Rb6 Kf7 50.Rc6 Ke7 51.Kh2 Rg5 1/2-1/2

[Event "Preferente Grupo II"]
[Site ""]
[Date "2011.03.26"]
[Round "8.62"]
[White "De la Riva Fernandez Eduardo"]
[Black "Horton Justin"]
[Result "1/2-1/2"]
[WhiteElo "1995"]
[BlackElo "2112"]

1.e4 e5 2.Nc3 Nf6 3.f4 d5 4.fxe5 Nxe4 5.d3 Nxc3 6.bxc3 d4 7.Nf3 Nc6 8.cxd4
Bb4+ 9.Bd2 Bxd2+ 10.Qxd2 Nxd4 11.c3 Nxf3+ 12.gxf3 Qd5 13.Qe3 Bf5 14.Rg1 O-O
15.d4 c5 16.c4 Qxd4 17.Qxd4 cxd4 18.Rd1 Rfd8 19.Rg2 Rac8 20.Rgd2 Re8 21.Rxd4
Rxe5+ 22.Kf2 g6 23.Bd3 Bxd3 24.R1xd3 Ra5 25.a3 Ra4 26.Rd7 b6 27.Re7 Rcxc4 28.
Rdd7 Rf4 29.Rxa7 Rac4 30.Re3 Rf5 31.Rb7 b5 32.Rb3 Rcc5 33.h4 Kg7 34.Kg3 Kf6
35.Rb4 Rc3 36.Rf4 Rxf4 37.Kxf4 Rb3 38.Rb6+ Kg7 39.Rb7 Kh6 40.Rxf7 Rxa3 41.Kg4
Ra1 42.Rb7 Rb1 43.Rb6 b4 44.h5 b3 45.hxg6 hxg6 46.Kg3 b2 47.Kg2 Kg5 48.Rb5+
Kf4 49.Rb4+ Ke3 50.Rb3+ Kd4 51.Rb8 g5 52.Rd8+ Kc5 53.Rb8 Kd6 54.Rb3 1/2-1/2

[Event "Preferente Grupo II"]
[Site ""]
[Date "2011.03.26"]
[Round "8.63"]
[White "Abos Rosico Antonio"]
[Black "Correas Marcen Jose Maria"]
[Result "1-0"]
[WhiteElo "2073"]
[BlackElo "1972"]

1.e4 e5 2.Nf3 d6 3.d4 Qe7 4.Nc3 c6 5.a4 g6 6.dxe5 dxe5 7.Bc4 Bg7 8.a5 Nf6 9.
O-O O-O 10.Qe2 Bg4 11.b3 Qc7 12.h3 Bxf3 13.Qxf3 Nbd7 14.Rd1 Rfe8 15.Ba3 b5 16.
axb6 axb6 17.Bd6 Qb7 18.Rxa8 Rxa8 19.b4 b5 20.Bb3 Re8 21.Ra1 Bf8 22.Rd1 Bxd6
23.Rxd6 Kg7 24.g4 Re7 25.Ne2 Qc7 26.Rd1 Nf8 27.Ng3 Ne6 28.Bxe6 Rxe6 29.Qe3 Rd6
30.Ra1 Qd7 31.Ra8 Rd1+ 32.Kg2 Qd2 33.Qc5 Qd6 34.Qe3 Qd2 35.Qc5 Nd7 36.Qe7 Rc1
37.h4 Rxc2 38.Kh3 Rc3 39.Qd8 f6 40.Ra7 Rd3 41.Qe7+ Kh6 42.Rxd7 1-0

[Event "Preferente Grupo II"]
[Site ""]
[Date "2011.03.26"]
[Round "8.64"]
[White "Gimeno Garcia David"]
[Black "Perez Puyal Jose J"]
[Result "0-1"]
[WhiteElo "1946"]
[BlackElo "1961"]

1.c4 c6 2.d4 d5 3.Nc3 Nf6 4.Nf3 g6 5.Bg5 Ne4 6.e3 Nxg5 7.Nxg5 Bg7 8.cxd5 cxd5
9.Bb5+ Bd7 10.Qb3 e6 11.Nf3 O-O 12.O-O Nc6 13.Rac1 Rc8 14.Na4 b6 15.Ba6 Rc7
16.Nc3 Na5 17.Qb4 Nc4 18.b3 Na5 19.Qd6 Bc8 20.Qxd8 Rxd8 21.Bd3 Bf8 22.Nb5 Rxc1
23.Rxc1 a6 24.Nc7 Ba3 25.Rc2 b5 26.Ne5 Bb7 27.g4 Rc8 28.Nd7 Bd6 29.Nf6+ Kf8
30.Nd7+ Ke7 31.Nxd5+ exd5 32.Nb6 Rxc2 33.Bxc2 Bc7 34.Nxd5+ Bxd5 35.e4 Be6 36.
h3 Bb6 37.d5 Bc8 38.Kg2 Nb7 39.f4 Nc5 40.Kf3 Bb7 41.b4 Nd7 42.Bb3 Bd4 43.a3
Nb6 44.d6+ Kf8 45.f5 Nc4 46.Kf4 f6 47.g5 Be3+ 48.Kg4 Bxg5 49.a4 h5+ 50.Kf3
Nd2+ 0-1

[Event "Preferente Grupo II"]
[Site ""]
[Date "2011.03.26"]
[Round "8.66"]
[White "Munoz Suarez Luis Alberto"]
[Black "Inglan Bielsa Fernando"]
[Result "1-0"]
[WhiteElo "2109"]
[BlackElo "1936"]

1.e4 e6 2.d4 d5 3.e5 c5 4.c3 Nc6 5.Nf3 Qb6 6.Bd3 Bd7 7.dxc5 Bxc5 8.O-O h6 9.b4
Bf8 10.Qe2 g5 11.Na3 a6 12.Nc2 Bg7 13.h3 Nge7 14.Ncd4 Qc7 15.Re1 Ng6 16.Bxg6
fxg6 17.a4 O-O 18.Bb2 Rf4 19.Rac1 Raf8 20.c4 Nxd4 21.Bxd4 dxc4 22.Rxc4 Qb8 23.
Bc5 R8f7 24.Rxf4 Rxf4 25.Qd3 Qe8 26.g3 Rf5 27.a5 Bc6 28.Nd4 Rxe5 29.Rxe5 Bxe5
30.Nxc6 bxc6 31.Qxa6 h5 32.Qe2 Bb8 33.a6 Qd7 34.Qe3 h4 35.a7 Qd1+ 36.Kh2 hxg3+
37.fxg3 Qc2+ 38.Qf2 Qxf2+ 39.Bxf2 Bxa7 40.Bxa7 Kf7 41.Bd4 Ke7 42.Be5 1-0

[Event "Preferente Grupo II"]
[Site ""]
[Date "2011.03.26"]
[Round "8.67"]
[White "Rodriguez Leiva Manuel"]
[Black "Martin Diaz Eduardo"]
[Result "1/2-1/2"]
[WhiteElo "2019"]
[BlackElo "1936"]

1.e4 e5 2.Nf3 Nf6 3.Nxe5 d6 4.Nf3 Nxe4 5.c4 d5 6.Nc3 Nxc3 7.dxc3 c6 8.Be3 Be7
9.Qb3 dxc4 10.Bxc4 O-O 11.O-O b5 12.Be2 a6 13.a4 Bb7 14.c4 b4 15.c5 a5 16.Rfd1
Qc8 17.Ne5 Qf5 18.Bd4 Na6 19.Qe3 Bg5 1/2-1/2

[Event "Preferente Grupo II"]
[Site ""]
[Date "2011.03.26"]
[Round "8.68"]
[White "Navarro Castan Jesus"]
[Black "Salas Latorre Jose"]
[Result "0-1"]
[WhiteElo "1925"]
[BlackElo "1745"]

1.e4 d5 2.exd5 Nf6 3.Nf3 Nxd5 4.d4 Bg4 5.Be2 e6 6.O-O Be7 7.c4 Nf6 8.Nc3 O-O
9.Bf4 Bd6 10.Bg5 Nbd7 11.Ne4 Be7 12.Ned2 c5 13.Nb3 Qc7 14.Ne5 Bxe2 15.Qxe2
cxd4 16.Nxd7 Qxd7 17.Rfd1 Rfd8 18.Rxd4 Qc7 19.Rad1 Rxd4 20.Rxd4 Rc8 21.Bf4 Qc6
22.Qd3 Qb6 23.Be3 Qc7 24.Nd2 b6 25.b3 Rd8 26.Rxd8+ Qxd8 27.Qxd8+ Bxd8 28.Nf3
Bc7 29.Nd4 Ng4 30.h3 Nxe3 31.fxe3 Kf8 32.Nb5 Bb8 33.Kf2 Ke7 34.Ke2 f5 35.Kd3
Kf6 36.Nd4 Bd6 37.Nc6 a5 38.Nd8 h5 39.Nb7 Ba3 40.Kd4 e5+ 41.Kd3 g5 42.Nd8 g4
43.Nc6 h4 44.Nb8 Ke6 45.Nc6 Bd6 46.Na7 gxh3 47.gxh3 e4+ 48.Ke2 f4 49.exf4 Bxf4
50.Nb5 Kf5 51.Nc3 Bd6 52.Nd5 Bc5 53.a3 Ke5 54.b4 axb4 55.axb4 Bg1 56.Kf1 Bd4
57.Ke2 b5 58.Ne7 bxc4 59.Ng6+ Kf6 60.Nxh4 c3 61.Ng2 Kg5 62.Ne1 Kf5 63.Nc2 Bb6
64.b5 Bc5 65.Ne1 Kg6 66.Nd3 Bb6 67.Nf2 Bxf2 0-1

[Event "Preferente Grupo II"]
[Site ""]
[Date "2011.03.26"]
[Round "8.69"]
[White "Gimeno Oteo Marco Antonio"]
[Black "Salamero Pelay Fernando"]
[Result "1/2-1/2"]
[WhiteElo "2152"]
[BlackElo "2130"]

1.e4 d5 2.exd5 Qxd5 3.Nc3 Qd6 4.d4 Nf6 5.Be2 a6 6.Bf3 e5 7.dxe5 Qxe5+ 8.Nge2
Bb4 9.O-O O-O 10.Bf4 Qa5 11.Ng3 Bxc3 12.bxc3 Qxc3 13.Rb1 Nc6 14.Rb3 Qc5 15.Be3
Qa5 16.Bd2 Qa4 17.Bc3 Qh4 18.Bxc6 bxc6 19.Rb4 Qg5 20.Ne4 Nxe4 21.Rxe4 Qd5 22.
Qe2 Be6 23.Qe3 Rad8 24.Re1 Bf5 25.Re5 Qd7 26.Qg3 Bg6 27.h4 f6 28.Re7 Qd6 29.
Qg4 Rfe8 30.Rxe8+ Rxe8 31.Rxe8+ Bxe8 32.Qc4+ Qd5 33.Qxa6 Qd1+ 34.Kh2 Qxc2 35.
Qc4+ Bf7 36.Qxc6 Qxa2 37.Qxc7 1/2-1/2

[Event "Preferente Grupo II"]
[Site ""]
[Date "2011.03.26"]
[Round "8.70"]
[White "Gella Bitrian Diego"]
[Black "Cebrian Valverde Jose Antonio"]
[Result "1/2-1/2"]
[WhiteElo "1973"]
[BlackElo "2138"]

1.e4 e6 2.d4 d5 3.Nd2 c5 4.exd5 exd5 5.Ngf3 Nc6 6.dxc5 Bxc5 7.Nb3 Bd6 8.c3
Nge7 9.Be2 Bg4 10.O-O O-O 11.Nbd4 Qd7 12.Be3 Rad8 13.Qb3 Nxd4 14.Nxd4 Bxe2 15.
Nxe2 b6 16.Rad1 Qg4 17.Ng3 Rd7 18.Bd4 h5 19.Rfe1 h4 20.Nf1 h3 21.Ne3 Qh5
1/2-1/2

[Event "Preferente Grupo II"]
[Site ""]
[Date "2011.03.26"]
[Round "8.71"]
[White "Gutierrez Minguenza Ruben"]
[Black "Bellosta Lopez Pablo"]
[Result "1/2-1/2"]
[WhiteElo "2112"]
[BlackElo "1948"]

1.d4 Nf6 2.c4 g6 3.Nf3 Bg7 4.g3 O-O 5.Bg2 d6 6.Nc3 Nbd7 7.O-O e5 8.e4 c6 9.h3
Qa5 10.Be3 exd4 11.Nxd4 Nb6 12.Nb3 Qh5 13.Qxh5 Nxh5 14.Na5 Be6 15.g4 Nf6 16.
Rfd1 Nfd7 17.Bf1 Ne5 18.c5 dxc5 19.Bxc5 Rfe8 20.Nxb7 Nbd7 21.Be3 Reb8 22.Ba6
h5 23.f4 hxg4 24.fxe5 gxh3 25.Rxd7 Bxd7 26.Nc5 Bg4 27.Nd3 Rd8 28.Rf1 Rd7 29.
Bc4 Rad8 30.Nf2 h2+ 31.Kxh2 Bxe5+ 32.Kg2 Bh5 33.Be2 Bxe2 34.Nxe2 Bxb2 35.Ng4
Re8 36.Kf3 Rd3 37.Nf4 Ra3 38.Rf2 Bd4 39.Re2 f5 40.exf5 gxf5 41.Nh6+ Kh7 42.
Nxf5 Bxe3 43.Nxe3 Kg8 44.Ng2 Rf8+ 45.Ke4 Rb8 46.Nc4 Rg3 47.Nge3 Rb4 48.Kd4 Rb1
49.Kc5 Rc1 50.a4 Kf7 51.a5 Rg5+ 52.Kd6 Rg6+ 53.Kc7 Re6 54.Nd6+ Ke7 55.Nc8+ Kf7
56.Nd6+ Ke7 57.Nef5+ Kf6 58.Rf2 Ke5 59.Re2+ Kf6 60.Rf2 Ke5 61.Re2+ Kf6 62.Rd2 {tablas en la jugada 120, ilegible.}
1/2-1/2

[Event "Preferente Grupo II"]
[Site ""]
[Date "2011.03.26"]
[Round "8.72"]
[White "Biarge Carnicer Arturo"]
[Black "Palomar Ramon Santiago"]
[Result "1-0"]
[WhiteElo "1911"]
[BlackElo "2041"]

1.e4 e5 2.Bc4 Bc5 3.Nc3 Nf6 4.d3 c6 5.f4 d6 6.f5 b5 7.Bb3 a5 8.a3 h5 9.Bg5 Qb6
10.Nh3 a4 11.Ba2 b4 12.Nb1 Ng4 13.Nd2 Ba6 14.Nc4 Bxc4 15.Bxc4 Bf2+ 16.Kf1 Be3
17.Qe2 bxa3 18.bxa3 f6 19.Bxe3 Nxe3+ 20.Ke1 Nd7 21.Kd2 Nxc4+ 22.dxc4 Rb8 23.
Rab1 Qd4+ 24.Qd3 Qxd3+ 25.cxd3 Kf7 26.Kc3 c5 27.Nf2 Rxb1 28.Rxb1 Rb8 29.Rxb8
Nxb8 30.Nd1 Nd7 31.Ne3 Ke8 32.Nd5 Kd8 33.h4 Kc8 34.Ne3 Nf8 35.Nd5 Kb7 36.Kd2
Nd7 37.Nc3 Nb6 38.Ne2 Nc8 39.Ng3 Ne7 40.Nxh5 g6 41.fxg6 Nxg6 42.g3 Nf8 43.Nxf6
Ne6 44.h5 Ng5 45.h6 Nf7 46.h7 Kb6 47.Ke3 Kb7 48.Kf3 Kb6 49.Kg4 1-0

[Event "Division de Honor Titulo"]
[Site "Aragon"]
[Date "2011.04.02"]
[Round "9.1"]
[White "Llorente Zaro Alfonso"]
[Black "Adla Diego Gustavo"]
[Result "1/2-1/2"]
[WhiteElo "2450"]
[BlackElo "2512"]

1.e4 c6 2.d4 d5 3.exd5 cxd5 4.Bf4 Nc6 5.c3 Nf6 6.Bd3 Bg4 7.Qb3 Qd7 8.Nd2 e6 9.
Ngf3 Bxf3 10.Nxf3 Bd6 11.Bxd6 Qxd6 12.Qxb7 Rb8 13.Qa6 O-O 14.Bb5 Rb6 15.Qa4
Ne7 1/2-1/2

[Event "Division de Honor Titulo"]
[Site "Aragon"]
[Date "2011.04.02"]
[Round "9.3"]
[White "Ramon Perez Jose Luis"]
[Black "Lopez Gracia Fernando"]
[Result "1-0"]
[WhiteElo "2219"]
[BlackElo "2319"]

1.e4 c6 2.c4 d5 3.cxd5 cxd5 4.exd5 Nf6 5.Nc3 Nxd5 6.Nf3 Nc6 7.Bb5 e6 8.O-O Be7
9.d4 O-O 10.Re1 Bd7 11.Qe2 Re8 12.Bd3 Bf6 13.Qe4 g6 14.a3 Nce7 15.Nxd5 Nxd5
16.h4 Bc6 17.Qg4 Ne7 18.h5 Nf5 19.hxg6 hxg6 20.Be4 Nxd4 21.Ng5 Bxe4 22.Nxe4
Bg7 23.Bg5 f6 24.Bxf6 Bxf6 25.Qxg6+ Bg7 26.Rad1 e5 27.Ng5 Qd7 28.Rd3 Qf5 29.
Qh5 Re6 30.Rxd4 Rh6 31.Qg4 Rf8 32.Qxf5 Rxf5 33.Rd8+ Bf8 34.Ne4 Rb6 35.Re2 Rc6
36.g3 a6 37.Kg2 b5 38.g4 Rf4 39.f3 Kf7 40.Red2 Be7 41.Rh8 b4 42.Rh7+ Ke8 43.
axb4 Rf7 44.Rh8+ Rf8 45.Rh5 Bxb4 46.Rxe5+ 1-0

[Event "Division de Honor Titulo"]
[Site "Aragon"]
[Date "2011.04.02"]
[Round "9.4"]
[White "Moreno Gracia Daniel"]
[Black "Gomez Luesia Jesus"]
[Result "1-0"]
[WhiteElo "2277"]
[BlackElo "2164"]

1.d4 c5 2.d5 e5 3.e4 d6 4.Nc3 Be7 5.Bb5+ Nd7 6.Nf3 a6 7.Be2 b5 8.O-O Nf8 9.a4
b4 10.Nb1 Ng6 11.Nbd2 Nf6 12.Re1 O-O 13.c3 a5 14.Bb5 Nh5 15.Nc4 Nhf4 16.Ne3 f5
17.Nxf5 Bxf5 18.exf5 Rxf5 19.g3 Nh3+ 20.Kg2 Qc8 21.Bd3 Rh5 22.Ng1 Nxf2 23.Qxh5
Nxd3 24.Rf1 bxc3 25.bxc3 Rb8 26.Nh3 c4 27.Ba3 Qb7 28.Qf3 Rf8 29.Rab1 Qd7 30.
Qd1 Rxf1 31.Qxf1 Qg4 32.Rb8+ Bf8 33.Bxd6 Nh4+ 34.Kg1 Nf3+ 35.Kh1 1-0

[Event "Division de Honor Titulo"]
[Site "Aragon"]
[Date "2011.04.02"]
[Round "9.5"]
[White "Forcen Esteban Daniel"]
[Black "Navarro Alonso Jorge Luis"]
[Result "1-0"]
[WhiteElo "2378"]
[BlackElo "2157"]

1.e4 c5 2.d4 cxd4 3.c3 d3 4.c4 Nf6 5.Bxd3 d6 6.Nc3 g6 7.Nf3 Bg7 8.h3 O-O 9.Be3
Nc6 10.Qd2 Bd7 11.O-O Rc8 12.Rac1 Qa5 13.a3 Be6 14.Qe2 Nd7 15.Nb5 a6 16.Nbd4
Nde5 17.Nxe5 Nxe5 18.f4 Nxd3 19.Qxd3 Qa4 20.b3 Qxa3 21.f5 Bd7 22.Ra1 Qb4 23.f6
Bxf6 24.Rxf6 b5 25.Nc2 bxc4 26.Nxb4 cxd3 27.Rf3 Bb5 28.Bh6 Rfe8 29.Nxd3 Rc2
30.Nf4 f6 31.Nd5 Kf7 32.Be3 Rec8 33.Rf2 Rxf2 34.Bxf2 Bd3 35.Nb4 Rc3 36.Nxd3
Rxd3 37.b4 Rb3 38.Be1 Re3 39.Kf1 Rxe4 40.Rxa6 Ke6 41.b5 Kd7 42.Ra7+ Kc8 43.b6
Kb8 44.Bf2 h5 45.g3 g5 46.Kg2 Re5 47.Kf3 d5 48.g4 h4 49.Bg1 Re1 50.Bc5 Rb1 51.
Rxe7 Rb3+ 52.Ke2 Rb2+ 53.Kd3 f5 54.gxf5 g4 55.hxg4 h3 56.Bd6+ 1-0

[Event "Division de Honor Titulo"]
[Site "Aragon"]
[Date "2011.04.02"]
[Round "9.6"]
[White "Guzman Moneo Alberto"]
[Black "Baron Rodriguez Jorge"]
[Result "0-1"]
[WhiteElo "2170"]
[BlackElo "2272"]

1.e4 c5 2.Nc3 Nc6 3.f4 e6 4.Nf3 a6 5.g3 d5 6.d3 Nf6 7.Qe2 Nd4 8.Nxd4 cxd4 9.
Nd1 dxe4 10.dxe4 Bd7 11.Nf2 Bb4+ 12.Bd2 Qb6 13.O-O-O Rc8 14.Bxb4 Qxb4 15.Qd2
Qa4 16.Kb1 O-O 17.b3 Qc6 18.Bg2 Rfd8 19.e5 Qxg2 20.exf6 gxf6 21.Qxd4 Bc6 22.
Qe3 Qf3 23.Qb6 Rxd1+ 24.Rxd1 Qe2 25.Rd8+ Rxd8 26.Qxd8+ Kg7 27.Qd4 e5 28.fxe5
fxe5 29.Qc5 f6 30.g4 Kg6 31.h4 h5 32.g5 fxg5 33.Qd6+ Kf7 34.Nd3 Qf1+ 35.Kb2
Qf6 36.Nxe5+ Kg7 37.Qc7+ Kh6 38.hxg5+ Kxg5 39.Ka3 Be4 40.Nf7+ Kg4 41.Ne5+ Kf5
42.Nc4 Kg4 43.Qh2 Qf4 44.Qe2+ Kg5 45.Nd2 Bc6 46.Qe7+ Kg4 47.Qe2+ Kh4 48.Qe7+
Kh3 49.Qe6+ Qg4 50.Qe3+ Kg2 51.Nc4 h4 52.Qd2+ Kh3 53.Ne5 Qg2 54.Qc3+ Qg3 55.
Nd3 Kh2 56.Qd2+ Bg2 57.Nf4 h3 58.Ne2 Qe5 59.Nd4 Qe4 60.Ne2 Qe7+ 61.b4 Qe5 62.
c3 a5 63.Nd4 Kg3 64.Qd3+ Kg4 65.Qd1+ Kh4 66.Qg1 axb4+ 67.cxb4 Qg3+ 68.Nb3 h2
69.Qd4+ Qg4 70.Qh8+ Kg3 71.Qe5+ Qf4 72.Qe1+ Kh3 73.Qe6+ Kh4 74.Qe1+ Kg4 75.
Qe6+ Kf3 76.Qe1 h1=Q 77.Nd2+ Kg4 78.Qe6+ Qf5 79.Qg8+ Kf4 80.Qb8+ Ke3 81.Nb3
Qhh3 82.Qa7+ Ke2 83.Qd4 Qe3 84.Qd6 Qfe5 0-1

[Event "Division de Honor Titulo"]
[Site "Aragon"]
[Date "2011.04.02"]
[Round "9.7"]
[White "Lasanta Rica Cesar"]
[Black "Cerrajeria Ruiz Jesus Maria"]
[Result "0-1"]
[WhiteElo "2220"]
[BlackElo "2149"]

1.d4 c5 2.d5 Nf6 3.c4 b5 4.cxb5 a6 5.bxa6 d6 6.Nc3 Bxa6 7.g3 g6 8.Bg2 Bg7 9.
Nf3 O-O 10.Rb1 Nbd7 11.O-O Ng4 12.Qc2 Ra7 13.b3 Bxc3 14.Qxc3 Bxe2 15.Re1 Bxf3
16.Bxf3 Nde5 17.Bg2 Rxa2 18.Bb2 Qb6 19.f4 Rxb2 20.Rxb2 c4+ 21.Kh1 Nd3 22.Bf3
Ngf2+ 23.Kg2 Nxe1+ 0-1

[Event "Division de Honor Titulo"]
[Site "Aragon"]
[Date "2011.04.02"]
[Round "9.8"]
[White "Matamoros Villarreal Antonio"]
[Black "Castillo Sanjuan Daniel"]
[Result "0-1"]
[WhiteElo "2021"]
[BlackElo "1944"]

1.e4 e5 2.Nf3 Nc6 3.Bb5 a6 4.Bxc6 dxc6 5.Nc3 f6 6.d4 exd4 7.Qxd4 Bg4 8.Qxd8+
Rxd8 9.Nd2 Ne7 10.f3 Be6 11.Nf1 Ng6 12.Bd2 Bc5 13.O-O-O O-O 14.Ng3 Nh4 15.Nge2
g5 16.e5 fxe5 17.Ne4 Bb6 18.Nxg5 Bc4 19.Ng3 Nxg2 20.b3 Bd5 21.c4 Bxf3 22.Nxf3
Rxf3 23.b4 Ne3 24.c5 Nxd1 25.Rxd1 Ba7 26.Ne4 a5 27.Rg1+ Kf8 28.Ng5 Rxd2 29.
Kxd2 Rf2+ 30.Kd3 axb4 31.Ke4 Rc2 32.Rf1+ Ke8 33.Rf7 h6 34.Rxc7 hxg5 35.Kxe5
Bb8 0-1

[Event "Division de Honor Titulo"]
[Site "Aragon"]
[Date "2011.04.02"]
[Round "9.9"]
[White "Garza Marco Sergio"]
[Black "Hefty Hilardo Jorge Walter"]
[Result "1-0"]
[WhiteElo "2436"]
[BlackElo "2314"]

1.c4 e6 2.d4 Nf6 3.g3 d5 4.Nf3 Be7 5.Bg2 O-O 6.O-O b6 7.cxd5 exd5 8.Nc3 Bb7 9.
Ne5 Na6 10.Bg5 Ne4 11.Bxe7 Qxe7 12.Rc1 c5 13.e3 Rfd8 14.Qa4 Qe8 15.Qxe8+ Rxe8
16.Rfd1 Nxc3 17.Rxc3 Rac8 18.Ra3 Rc7 19.Nd3 g5 20.dxc5 bxc5 21.Nc1 Rd8 22.Ne2
Rcd7 23.Nc3 d4 24.exd4 cxd4 25.Bxb7 dxc3 26.Rxd7 Rxd7 27.bxc3 Rxb7 28.Rxa6
Rb1+ 29.Kg2 Rc1 30.Rc6 Ra1 31.Ra6 Rc1 32.Rxa7 Rxc3 33.g4 Kg7 34.Re7 Rc2 35.a3
Ra2 36.Re3 f5 37.h3 fxg4 38.hxg4 Kg6 39.Re6+ Kg7 40.Ra6 h6 41.Kf3 Kh7 42.Ke3
Kg7 43.f3 Ra1 44.Ke4 Rc1 45.Rd6 Ra1 46.Rd3 Kg6 47.Kd4 h5 48.gxh5+ Kxh5 49.Kc4
Kh4 50.Kb4 Rb1+ 51.Rb3 Rd1 52.a4 Rd8 53.a5 Rb8+ 54.Kc4 Rc8+ 55.Kb5 Rb8+ 56.Ka4
Ra8 57.Rb6 Rf8 58.a6 Rxf3 59.a7 Rf8 60.Rb8 Rf1 61.Kb3 Rf3+ 62.Kc4 Ra3 63.a8=Q
Rxa8 64.Rxa8 Kg3 65.Kd4 g4 66.Ke3 Kg2 67.Kf4 1-0

[Event "Division de Honor Titulo"]
[Site "Aragon"]
[Date "2011.04.02"]
[Round "9.10"]
[White "Castillo Sanjuan Alejandro"]
[Black "Antoli Royo Joaquin Miguel"]
[Result "0-1"]
[WhiteElo "1967"]
[BlackElo "2430"]

1.e4 c5 2.Nc3 a6 3.f4 b5 4.g3 Bb7 5.Bg2 e6 6.d3 d5 7.e5 h5 8.Nf3 Nh6 9.Ne2 Nf5
10.O-O Nc6 11.c3 Qb6 12.Bd2 Be7 13.Qc1 d4 14.cxd4 cxd4 15.a3 Rd8 16.b4 a5 17.
Qb2 axb4 18.axb4 Ne3 19.Bxe3 dxe3 20.d4 Nxb4 21.Rab1 Be4 22.Qc3 Nd5 23.Qb3
Bxb1 24.Qxb1 g6 25.Ng5 Bxg5 26.fxg5 b4 27.Qb3 O-O 28.Be4 Qb5 29.Bd3 Qa5 30.Qb1
Kg7 31.Nf4 Nxf4 32.Rxf4 Ra8 33.Rf1 Qa3 34.Qd1 Qb2 35.Bc4 b3 36.Re1 Qf2+ 37.Kh1
b2 38.Rf1 Ra1 0-1

[Event "Division de Honor Titulo"]
[Site "Aragon"]
[Date "2011.04.02"]
[Round "9.11"]
[White "Ramiro Ovejero Juan Luis"]
[Black "Jimenez Fernandez Alejandro"]
[Result "*"]
[WhiteElo "2365"]
[BlackElo "1966"]

1.e4 c6 2.d4 d5 3.Nd2 dxe4 4.Nxe4 Bf5 5.Ng3 Bg6 6.Nh3 e6 7.Nf4 Bd6 8.c3 Qh4 9.
Qf3 Nf6 10.Bc4 Nbd7 11.O-O O-O 12.Re1 Nd5 13.Nxg6 hxg6 14.Re4 Qf6 15.Qg4 Bxg3
16.Qxg3 Qf5 17.Bd3 Ne7 18.Rh4 Qd5 19.Qh3 f6 20.c4 Qd6 21.c5 Qd5 22.Be4 Qc4 23.
b3 Qxd4 24.Qxe6+ Rf7 25.Qxf7+ Kxf7 26.Bxg6+ Nxg6 27.Rxd4 Nxc5 28.b4 Re8 29.Be3
Na6 30.a3 Re7 31.Rad1 Nc7 32.Rd7 a6 33.Bc5 *

[Event "Division de Honor Titulo"]
[Site "Aragon"]
[Date "2011.04.02"]
[Round "9.12"]
[White "Colas Perez Patricia"]
[Black "Maza Broto Pablo"]
[Result "0-1"]
[WhiteElo "1815"]
[BlackElo "2075"]

1.c4 c6 2.Nc3 d5 3.cxd5 cxd5 4.d4 Nf6 5.Nf3 e6 6.a3 Bd6 7.Bg5 Nbd7 8.e3 a6 9.
Bd3 b5 10.O-O Bb7 11.Rc1 h6 12.Bh4 g5 13.Bg3 Bxg3 14.fxg3 Ne4 15.Nd2 Nxd2 16.
Qxd2 O-O 17.e4 dxe4 18.Nxe4 f5 19.Nf2 Nf6 20.Qe3 Qd5 21.Qf3 Qxf3 22.gxf3 Bxf3
23.Rfe1 Bd5 24.Rc5 Ra7 25.Rec1 Rd8 26.Be2 Rad7 27.Nd3 Bc4 28.Ne5 Bxe2 29.Nxd7
Rxd7 30.Rc8+ Kf7 31.R1c6 Bf3 32.R6c7 Ke7 33.Rxd7+ Nxd7 34.Kf2 Be4 35.Rh8 Nf6
36.h3 h5 37.Rc8 f4 38.gxf4 gxf4 39.Rc7+ Kd6 40.Ra7 Kd5 41.Rxa6 Bf5 42.Kf3 Bxh3
43.Kxf4 Kxd4 44.Rd6+ Nd5+ 45.Kg3 Bf5 46.Rd8 e5 47.Kf2 h4 48.Rh8 h3 49.Ke2 e4
50.Rh4 Ke5 51.Rh5 Nf4+ 0-1

[Event "Division de Honor Titulo"]
[Site "Aragon"]
[Date "2011.04.02"]
[Round "9.13"]
[White "Del Rey Diego"]
[Black "Martinez Catalin Francisco Javier"]
[Result "1/2-1/2"]
[WhiteElo "2374"]
[BlackElo "2206"]

1.Nf3 g6 2.d4 Bg7 3.c4 d6 4.Nc3 Bg4 5.g3 Bxf3 6.exf3 e6 7.Bg2 Ne7 8.O-O O-O 9.
Bg5 h6 10.Bxe7 Qxe7 11.f4 Nd7 12.Re1 Qf6 13.Bxb7 Rab8 14.Bc6 Nb6 15.Rc1 Qxd4
16.b3 Qxd1 17.Rexd1 Bxc3 18.Rxc3 Nc8 19.c5 d5 20.Ba4 Ne7 21.c6 Rfd8 22.a3 Rd6
23.b4 Rb6 24.Rdc1 Ra6 25.Bb5 Rb6 26.Rc5 d4 27.Rd1 Kg7 28.Kg2 Nxc6 29.Bxc6
Rbxc6 30.Rxc6 Rxc6 31.Rxd4 Rc3 32.a4 c5 1/2-1/2

[Event "Division de Honor Titulo"]
[Site "Aragon"]
[Date "2011.04.02"]
[Round "9.14"]
[White "Valles Mata David"]
[Black "Chueca Forcen Alberto"]
[Result "0-1"]
[WhiteElo "2152"]
[BlackElo "2295"]

1.e4 Nf6 2.e5 Nd5 3.d4 d6 4.c4 Nb6 5.exd6 exd6 6.Nc3 Nc6 7.Be3 Be7 8.Nf3 Bf5
9.Bd3 Qd7 10.O-O O-O 11.b3 Rfe8 12.Rc1 Bf6 13.d5 Ne5 14.Nxe5 Bxe5 15.Nb5 Bxd3
16.Qxd3 Nc8 17.f4 Bf6 18.Bd4 Bxd4+ 19.Nxd4 Qd8 20.Rce1 Nb6 21.Re4 Nd7 22.Rfe1
Rxe4 23.Qxe4 a6 24.Nf5 Nf6 25.Qe7 Qxe7 26.Rxe7 Rc8 27.Kf2 Kf8 28.Re2 b5 29.Rc2
g6 30.Ne3 b4 31.Kf3 Nd7 32.g4 a5 33.g5 f5 34.gxf6 Kf7 35.Re2 Nxf6 36.f5 Re8
37.fxg6+ hxg6 38.Nc2 Rxe2 39.Kxe2 Ne4 40.Ke3 Nc3 41.a3 a4 42.Nxb4 axb3 43.Nd3
Na4 44.Kd2 Kf6 45.Kc1 Kf5 46.Nb2 Nc5 47.Kd2 Kg4 48.a4 g5 49.a5 Kh3 50.Nd3 b2
51.Nxb2 Kxh2 52.Kc3 g4 53.Nd3 g3 54.Nf4 Kh1 55.Ne2 g2 56.Kb4 Nd3+ 57.Kc3 Nf4
58.Ng1 Kxg1 59.a6 Kf2 60.a7 g1=Q 61.a8=Q Qc1+ 62.Kb3 Qb1+ 63.Kc3 Ne2+ 64.Kd2
0-1

[Event "Division de Honor Titulo"]
[Site "Aragon"]
[Date "2011.04.02"]
[Round "9.15"]
[White "Melendez Fierro Juan Bautista"]
[Black "Solano Lasierra Javier"]
[Result "0-1"]
[WhiteElo "2224"]
[BlackElo "2156"]

1.e4 e6 2.d3 d5 3.Nd2 c5 4.Ngf3 Nc6 5.g3 Nf6 6.Bg2 Be7 7.O-O Qc7 8.Re1 b6 9.
exd5 Nxd5 10.Ne4 Bb7 11.b3 Rd8 12.Bb2 Nf6 13.Nxf6+ Bxf6 14.Bxf6 gxf6 15.Qd2
Nd4 16.Nxd4 cxd4 17.Bxb7 Qxb7 18.Re4 Qd5 19.Rae1 Rd6 20.c4 dxc3 21.Qxc3 Ke7
22.Rf4 Qg5 23.Rc4 Rhd8 24.Rc7+ R8d7 25.Rxd7+ Rxd7 26.Qb4+ Rd6 27.Qe4 Qd2 28.
Re3 Qxa2 29.b4 Qa1+ 30.Kg2 Qd4 31.Qxh7 Qxb4 32.Re4 Qb5 33.Rc4 Qd5+ 34.Kh3 Rd7
35.Qh8 Qd6 0-1

[Event "Division de Honor Titulo"]
[Site "Aragon"]
[Date "2011.04.02"]
[Round "9.16"]
[White "Escuer Sanchez Nestor"]
[Black "Hernando Garcia Antonio"]
[Result "1/2-1/2"]
[WhiteElo "2107"]
[BlackElo "2215"]

1.e4 d5 2.exd5 Qxd5 3.Nc3 Qd8 4.d4 c6 5.Nf3 Bf5 6.Ne5 Nd7 7.f4 Nxe5 8.fxe5 e6
9.Be3 Bb4 10.Bd3 Qh4+ 11.Bf2 Qg4 12.Qxg4 Bxg4 13.O-O Nh6 14.Ne4 Bf5 15.h3 Bg6
16.c3 Be7 17.g4 Ng8 18.Rae1 h5 19.Kg2 hxg4 20.hxg4 Nh6 21.Rh1 Kd7 22.Kg3 Bxe4
23.Bxe4 f5 24.exf6 gxf6 25.Be3 Bd6+ 26.Kf3 Nf7 27.Ke2 Rxh1 28.Rxh1 Rh8 29.Rxh8
Nxh8 30.c4 b6 31.a3 c5 32.d5 exd5 33.Bxd5 Ng6 34.Be4 Ne5 35.Bf5+ Kc7 36.b3 a5
37.a4 Nc6 38.Kd3 Be5 39.Be4 Ne7 40.Bd2 Kd6 41.Bh6 Kc7 42.Bf8 Nc8 43.Bf5 Nd6
44.Bxd6+ Kxd6 45.Ke4 1/2-1/2